Úvod
Prehľad významných výročí a dejinných udalostí a výročí narodení slovenských osobností literatúry a kultúry.
Saved in:
| Main Author: | |
|---|---|
| Format: | Book Chapter |
| Subjects: | |
| Tags: |
No Tags, Be the first to tag this record!
|
MARC
| LEADER | 00000naa a2200000 4500 | ||
|---|---|---|---|
| 001 | 0246812 | ||
| 005 | 20221104111644.1 | ||
| 044 | |a SK | ||
| 245 | 1 | 0 | |a Úvod |c Roman Kvapil |
| 520 | |a Prehľad významných výročí a dejinných udalostí a výročí narodení slovenských osobností literatúry a kultúry. | ||
| 610 | 2 | 0 | |a dejiny |
| 610 | 2 | 0 | |a Slovensko |
| 610 | 2 | 0 | |a slovenčina |
| 610 | 2 | 0 | |a literatúra |
| 100 | 1 | |a Kvapil, Roman, 1971- | |